| 000 | 00630cam a22002055a 4500 | ||
|---|---|---|---|
| 999 |
_c1528 _d1528 |
||
| 001 | 9750 | ||
| 003 | BD-DhUAP | ||
| 005 | 20200209142508.0 | ||
| 008 | 200209s2006 pk b 001 0 eng | ||
| 040 |
_aBD-DhUAP _cBD-DhUAP _bEng _dBD-DhUAP |
||
| 082 |
_223 _a345.5491 CRI |
||
| 245 | 1 | 4 |
_aThe Criminal Procedure code, 1898 / _cedited by M. Farani. |
| 260 |
_aLahore : _bNational Law Book House, _cc2006. |
||
| 300 |
_a1418 pages ; _c24 cm. |
||
| 504 | _aIncludes bibliographical references and index. | ||
| 650 | 0 |
_aCriminal procedure _zPakistan. |
|
| 700 | 1 | _aFarani, M. | |
| 942 |
_2ddc _cBK |
||